Normal view
MARC view
- Love and Devotion in Poetry
Entry Topical Term
001 - CONTROL NUMBER
- control field: 129544
003 - CONTROL NUMBER IDENTIFIER
- control field: NUST
005 - DATE AND TIME OF LATEST TRANSACTION
- control field: 20250709152701.0
008 - FIXED-LENGTH DATA ELEMENTS
- fixed length control field: 250709|| aca||aabn | a|a d
040 ## - CATALOGING SOURCE
- Original cataloging agency: NUST
- Transcribing agency: NUST
150 ## - HEADING--TOPICAL TERM
- Topical term or geographic name entry element: Love and Devotion in Poetry
670 ## - SOURCE DATA FOUND
- Source citation: Work cat.: (NUST): Haider,Qurrat-ul-Ain 129543, Mera Bhi sanam Khana, 2014
